Blurry Country Flags - Statistics

General Stats
  • This quiz has been taken 499 times
  • The average score is 14 of 15
Answer Stats
Picture Answer % Correct
Canada
99%
United States
98%
Italy
97%
New Zealand
97%
Brazil
95%
Sweden
94%
South Africa
93%
Cyprus
89%
Pakistan
89%
Iran
87%
Nigeria
87%
Algeria
86%
Somalia
86%
Belarus
82%
Azerbaijan
80%
No matching quizzes found
Score Distribution
Percent of People with Each Score
Percentile by Number Answered
Your Score History
You have not taken this quiz